| 000 | 00959nam a2200265 i 4500 | ||
|---|---|---|---|
| 001 | 175534 | ||
| 003 | ES-MaACL | ||
| 005 | 20250716062540.0 | ||
| 007 | t| | ||
| 008 | 101104s1962 sp r ||||1| spa d | ||
| 080 | _a821.111 Shakespeare, William | ||
| 080 | _a929 Shakespeare, William | ||
| 100 | 1 |
_aShakespeare, William, _d1564-1616 _9105992 |
|
| 245 | 1 | 0 |
_aShakespeare : _bestudio y antología / _cpor Antonio Espina. |
| 260 |
_aMadrid : _bCompañía Bibliográfica Española, _c[1962] |
||
| 300 |
_a214 p. , [4] h. ; _c19 cm. |
||
| 490 | 1 |
_aUn autor en un libro ; _v2 |
|
| 504 | _aBibliografía: p. 217. | ||
| 600 | 1 | 4 |
_aShakespeare, William, _d1564-1616- _xCrítica e interpretación _9105993 |
| 700 | 1 |
_aEspina, Antonio, _d1894-1972 _947833 |
|
| 710 | 2 |
_aCompañía Bibliográfica Española. _9171207 |
|
| 830 | 1 |
_aUn autor en un libro ; _v2 _9182717 |
|
| 852 |
_aES-MaACL _jE-13431 _xOlim P-651-bis |
||
| 999 |
_c175534 _d175534 |
||